[Event "Titled Tue 1st Jul Late"]
[Site "chess.com INT"]
[Date "2025.07.01"]
[Round "5"]
[White "Colville, Julian"]
[Black "Rajaram, Rohan"]
[Result "1-0"]
[WhiteTitle "FM"]
[BlackTitle "CM"]
[WhiteElo "2268"]
[BlackElo "2164"]
[WhiteFideId "30963273"]
[BlackFideId "30940729"]
[EventDate "2025.07.01"]

1. e4 c5 2. b4 cxb4 3. a3 e6 4. axb4 Bxb4 5. c3 Be7 6. d4 d6 7. Nf3 Nf6 8. Bd3
O-O 9. h4 h6 10. Bf4 Nc6 11. Bc2 Qc7 12. Qd3 e5 13. Bg5 hxg5 14. hxg5 Nh7 15. d5
Nd8 16. Nfd2 Bxg5 17. Qg3 f5 18. Rxh7 Kxh7 19. Qxg5 f4 20. Nf3 Nf7 21. Qh5+ Kg8
22. Ke2 Bd7 23. Bd3 Nh6 24. Nbd2 Bg4 25. Qh4 Qxc3 26. Rh1 Bxf3+ 27. gxf3 Rf6 28.
Rg1 Raf8 29. Qg5 Qc7 30. Qh4 a6 31. Kd1 b5 32. Ke2 Qb7 33. Rc1 Rc8 34. Rg1 Kh8
35. Nb3 Qc7 36. Rc1 Qd8 37. Rg1 Rc3 38. Nd2 b4 39. Qg5 Rc7 40. Bxa6 Ra7 41. Bd3
Qb8 42. Nb3 Ra2+ 43. Kf1 Ra7 44. Ke2 Ra2+ 45. Kf1 Qf8 46. Bb5 Ra3 47. Nd2 b3 48.
Ke2 b2 49. Rb1 Ra2 50. Bc4 Qa8 51. Bxa2 Qxa2 52. Qg1 Qa6+ 53. Kd1 Qa4+ 54. Ke2
Qb5+ 55. Ke1 Rf8 56. Qf1 Qb7 57. Qc4 Rc8 58. Rxb2 Qxb2 59. Qxc8+ Kh7 60. Ke2
Qb5+ 61. Qc4 Qb6 62. Qc6 Qd8 63. Nc4 Nf7 64. Qb7 Kg8 65. Nb6 Qe8 66. Qc6 Qb8 67.
Nd7 Qb2+ 68. Kf1 Qb1+ 69. Kg2 Qa1 70. Qc8+ Kh7 71. Nf8+ Kg8 72. Ng6+ Kh7 73. Ne7
Nh6 74. Qe8 Qa7 75. Qg6+ Kh8 76. Qxd6 Qa8 77. Nc6 Qe8 78. Qxe5 Qg6+ 79. Kf1 Nf7
80. Qb8+ Kh7 81. Ne7 Qf6 82. Qg8+ Kh6 83. Nf5+ Kg5 84. Qxg7+ Qxg7 85. Nxg7 Kf6
86. Ne6 Ne5 87. Ke2 Nc4 88. Nxf4 1-0

[Event "Titled Tue 1st Jul Late"]
[Site "chess.com INT"]
[Date "2025.07.01"]
[Round "5"]
[White "Zeliantsova, Kseniya"]
[Black "Araujo Filho, Luiz Antonio Coel"]
[Result "1/2-1/2"]
[WhiteTitle "WFM"]
[WhiteElo "2062"]
[BlackElo "2077"]
[WhiteFideId "13512617"]
[BlackFideId "2130661"]
[EventDate "2025.07.01"]

1. e4 c6 2. d4 d5 3. Nd2 dxe4 4. Nxe4 Nf6 5. Nxf6+ exf6 6. c3 Bd6 7. Bd3 O-O 8.
Qc2 Re8+ 9. Ne2 h5 10. Be3 Nd7 11. O-O-O Nf8 12. c4 b6 13. Kb1 Qc7 14. Nc3 Bf4
15. Rde1 Bd7 16. g3 Bxe3 17. Rxe3 Qd6 18. Rd1 Bg4 19. Be2 Qd7 20. Bxg4 Qxg4 21.
Ne4 Rad8 22. f3 Qf5 23. Red3 Ne6 24. d5 cxd5 25. cxd5 Ng5 26. Nxg5 fxg5 27. d6
Rd7 28. Rc3 Qxc2+ 29. Rxc2 Re6 30. Rcd2 f6 31. Kc2 Kf7 32. f4 gxf4 33. gxf4 Re4
34. f5 Re5 35. Rd5 Re4 36. R1d2 g6 37. fxg6+ Kxg6 38. Kb3 f5 39. Rc2 Kf6 40. Rc7
Ke6 41. Rxd7 Kxd7 42. Rxf5 Kxd6 43. Rxh5 Kc6 44. Rh7 a5 45. h4 Kb5 46. h5 Re3+
47. Kc2 Rh3 48. h6 a4 49. Rh8 Kb4 50. a3+ Kb5 51. Kd2 Ka6 52. Ra8+ Kb5 53. Rh8
Ka6 54. h7 Ka7 55. Ke2 Rh2+ 56. Kf3 Rh6 57. Kg4 Rh1 58. Kg5 Rg1+ 59. Kf6 Rf1+
60. Kg6 Rg1+ 61. Kf6 Rf1+ 62. Ke6 Rh1 63. Kd5 Rh2 64. Kc6 Rh6+ 65. Kb5 Rh4 66.
Kc6 Rh6+ 67. Kb5 Rh4 68. Rg8 Rxh7 69. Kxa4 Ka6 70. Rg6 Rh5 71. b4 Rf5 72. Rg8
Rh5 73. Ra8+ Kb7 74. Rf8 Ka6 75. Kb3 Rh3+ 76. Ka4 Rh5 77. Kb3 Rh3+ 78. Kb2 Rg3
79. Rf7 Rh3 80. a4 Rg3 81. Rf6 Ka7 82. Rc6 Kb7 83. Rc3 Rg2+ 84. Kb3 Rg4 85. Rc4
Rg3+ 86. Rc3 Rg4 87. Rd3 Rh4 88. Kc3 Ka6 89. Rd4 Rh3+ 90. Kc4 Rh1 91. Rd3 Rh4+
92. Rd4 Rh1 93. Rd6 Rh4+ 94. Rd4 Rh1 1/2-1/2

[Event "Titled Tue 1st Jul Late"]
[Site "chess.com INT"]
[Date "2025.07.01"]
[Round "6"]
[White "Diano, Eden"]
[Black "Hofstadler, Mario"]
[Result "1-0"]
[BlackTitle "CM"]
[WhiteElo "2086"]
[BlackElo "2172"]
[WhiteFideId "5203708"]
[BlackFideId "1660497"]
[EventDate "2025.07.01"]

1. d4 d5 2. c4 dxc4 3. Nc3 e5 4. d5 c6 5. e4 cxd5 6. exd5 Bb4 7. Qa4+ Nd7 8.
Qxb4 Ngf6 9. Bg5 a5 10. Qd6 b5 11. Nxb5 1-0

[Event "Titled Tue 1st Jul Late"]
[Site "chess.com INT"]
[Date "2025.07.01"]
[Round "6"]
[White "Clawitter, Craig"]
[Black "Fomevor, Cephas Clinton"]
[Result "1-0"]
[BlackTitle "CM"]
[WhiteElo "2050"]
[BlackElo "1883"]
[WhiteFideId "2023105"]
[BlackFideId "12601330"]
[EventDate "2025.07.01"]

1. e4 c5 2. Nf3 Nc6 3. d4 cxd4 4. Nxd4 Nf6 5. Nc3 e5 6. Ndb5 d6 7. Bg5 a6 8. Na3
b5 9. Bxf6 gxf6 10. Nd5 Bg7 11. Bd3 Ne7 12. Nxe7 Qxe7 13. O-O f5 14. exf5 e4 15.
Bxe4 Rb8 16. Bc6+ Kf8 17. Re1 Qf6 18. Re8# 1-0

[Event "Titled Tue 1st Jul Late"]
[Site "chess.com INT"]
[Date "2025.07.01"]
[Round "6"]
[White "Motola, Jacopo"]
[Black "Rozman, Levy"]
[Result "1-0"]
[WhiteTitle "FM"]
[BlackTitle "IM"]
[WhiteElo "2330"]
[BlackElo "2324"]
[WhiteFideId "863190"]
[BlackFideId "2039877"]
[EventDate "2025.07.01"]

1. Nf3 Nf6 2. d4 g6 3. g3 Bg7 4. Bg2 O-O 5. O-O d6 6. b3 a5 7. a3 c5 8. c4 a4 9.
b4 Nc6 10. Bb2 Ne4 11. b5 Qb6 12. dxc5 Bxb2 13. cxb6 Bxa1 14. bxc6 1-0

[Event "Titled Tue 1st Jul Late"]
[Site "chess.com INT"]
[Date "2025.07.01"]
[Round "6"]
[White "Sheremetev, Vladislav"]
[Black "Bogaudinov, Rushan"]
[Result "0-1"]
[WhiteTitle "CM"]
[BlackTitle "FM"]
[WhiteElo "2133"]
[BlackElo "1912"]
[WhiteFideId "54188300"]
[BlackFideId "4129288"]
[EventDate "2025.07.01"]

1. e4 c5 2. Nf3 e6 3. d4 cxd4 4. Nxd4 Nc6 5. Nc3 a6 6. Nxc6 bxc6 7. Bd3 d5 8.
O-O Nf6 9. f4 h5 10. Kh1 h4 11. e5 Nh5 12. f5 Ng3+ 13. Kg1 Bc5+ 14. Rf2 Bxf2+
15. Kxf2 Nxf5 16. Bxf5 exf5 17. Be3 O-O 18. Qh5 d4 0-1

[Event "Titled Tue 1st Jul Late"]
[Site "chess.com INT"]
[Date "2025.07.01"]
[Round "6"]
[White "Ahmad, Al Khatib"]
[Black "Rabin, Evan"]
[Result "1-0"]
[WhiteTitle "GM"]
[WhiteElo "2172"]
[BlackElo "1945"]
[WhiteFideId "8103178"]
[BlackFideId "2028670"]
[EventDate "2025.07.01"]

1. d4 Nf6 2. Nc3 d5 3. Bf4 c5 4. e3 cxd4 5. exd4 a6 6. Bd3 Nc6 7. Nge2 Bg4 8. f3
Bh5 9. g4 Bg6 10. h4 Bxd3 11. Qxd3 e6 12. h5 h6 13. O-O-O Bd6 14. Qe3 Rc8 15.
Bxd6 Qxd6 16. Qf4 Qxf4+ 17. Nxf4 Kd7 18. Nce2 g6 19. hxg6 fxg6 20. Nxg6 Rcg8 21.
Nxh8 1-0

[Event "Titled Tue 1st Jul Late"]
[Site "chess.com INT"]
[Date "2025.07.01"]
[Round "6"]
[White "Nifdaliyev, Jahangir"]
[Black "Alvir, Aco"]
[Result "1-0"]
[WhiteTitle "FM"]
[BlackTitle "IM"]
[WhiteElo "2312"]
[BlackElo "2239"]
[WhiteFideId "13407740"]
[BlackFideId "14400367"]
[EventDate "2025.07.01"]

1. Nf3 Nf6 2. g3 g6 3. Bg2 Bg7 4. O-O O-O 5. d4 c6 6. c4 d6 7. Nc3 Qa5 8. Qc2
Qh5 9. e4 Bh3 10. Be3 Ng4 11. Bf4 Bxd4 12. Nxd4 Bxg2 13. Kxg2 Qxh2+ 14. Kf3 Nd7
15. Rh1 Nde5+ 16. Bxe5 Nxe5+ 17. Ke2 Qg2 18. Rag1 1-0

[Event "Titled Tue 1st Jul Late"]
[Site "chess.com INT"]
[Date "2025.07.01"]
[Round "6"]
[White "Mottola, Max"]
[Black "Rajaram, Rohan"]
[Result "0-1"]
[BlackTitle "CM"]
[WhiteElo "2247"]
[BlackElo "2164"]
[WhiteFideId "30985862"]
[BlackFideId "30940729"]
[EventDate "2025.07.01"]

1. d4 Nf6 2. Bf4 g6 3. Nc3 d6 4. e4 Bg7 5. Qd2 b6 6. O-O-O Bb7 7. f3 Nbd7 8. Bh6
O-O 9. h4 e5 10. d5 Nh5 11. Nce2 f5 12. g4 fxg4 13. fxg4 Nhf6 14. h5 Nxe4 15.
Qe3 Bxh6 16. Qxh6 g5 17. Qe6+ Kh8 18. Bg2 Ndc5 19. Qh6 Rf6 0-1

[Event "Titled Tue 1st Jul Late"]
[Site "chess.com INT"]
[Date "2025.07.01"]
[Round "6"]
[White "Pica, Eleni"]
[Black "Winkels, Marcel"]
[Result "0-1"]
[WhiteTitle "WCM"]
[BlackTitle "CM"]
[WhiteElo "1686"]
[BlackElo "1905"]
[WhiteFideId "5910005"]
[BlackFideId "1003887"]
[EventDate "2025.07.01"]

1. d4 Nf6 2. c4 c5 3. d5 e6 4. Nc3 exd5 5. cxd5 d6 6. Nf3 g6 7. Bg5 h6 8. Bf4 a6
9. e3 Bg7 10. Bd3 O-O 11. O-O b5 12. a3 Bb7 13. Bc2 b4 14. axb4 cxb4 15. Ne4
Nxe4 16. Bxe4 Re8 17. Bc2 Qb6 18. Qd4 Bxd4 0-1

[Event "Titled Tue 1st Jul Late"]
[Site "chess.com INT"]
[Date "2025.07.01"]
[Round "6"]
[White "Nguyen Hong Nhung"]
[Black "Caruana, Fabiano"]
[Result "0-1"]
[WhiteTitle "WFM"]
[BlackTitle "GM"]
[WhiteElo "2201"]
[BlackElo "2777"]
[WhiteFideId "12412201"]
[BlackFideId "2020009"]
[EventDate "2025.07.01"]

1. e4 c6 2. d4 d5 3. f3 e6 4. Nc3 Bb4 5. Bf4 Ne7 6. Qd2 Nd7 7. O-O-O b5 8. Nge2
Nb6 9. Qd3 Nc4 10. Kb1 a5 11. b3 Na3+ 12. Ka1 a4 13. Bc1 axb3 14. cxb3 O-O 15.
h4 Qa5 16. g4 Ba6 17. Qe3 Nc2+ 0-1

[Event "Titled Tue 1st Jul Late"]
[Site "chess.com INT"]
[Date "2025.07.01"]
[Round "6"]
[White "Rustemov, Alexander"]
[Black "Karvatskyi, Oleksii"]
[Result "1-0"]
[WhiteTitle "GM"]
[BlackTitle "CM"]
[WhiteElo "2525"]
[BlackElo "2258"]
[WhiteFideId "4119002"]
[BlackFideId "14191059"]
[EventDate "2025.07.01"]

1. d4 Nf6 2. c4 g6 3. Nf3 Bg7 4. g3 O-O 5. Bg2 d5 6. cxd5 Nxd5 7. O-O Nf6 8. Nc3
Nbd7 9. e4 c5 10. d5 Ne8 11. Bf4 Nd6 12. e5 Nc4 13. Qe2 Ncb6 14. Rad1 e6 15. d6
h6 16. h4 Re8 17. Rfe1 Nb8 18. Ne4 Na6 19. Qe3 Nd5 20. Qc1 Nxf4 21. Qxf4 Bd7 22.
Nf6+ Bxf6 23. exf6 Kh7 24. Ne5 Rf8 25. Bxb7 Nb4 1-0

[Event "Titled Tue 1st Jul Late"]
[Site "chess.com INT"]
[Date "2025.07.01"]
[Round "6"]
[White "Patel, Maahir M"]
[Black "Zhukovskyi, Oleksandr"]
[Result "0-1"]
[BlackTitle "CM"]
[WhiteElo "2106"]
[BlackElo "2145"]
[WhiteFideId "30995612"]
[BlackFideId "14169371"]
[EventDate "2025.07.01"]

1. Nf3 Nf6 2. b3 g6 3. Bb2 Bg7 4. g3 O-O 5. Bg2 d5 6. O-O c5 7. c4 d4 8. b4 Nc6
9. bxc5 e5 10. d3 e4 11. Nfd2 e3 12. fxe3 Ng4 13. Nb3 Nxe3 14. Qe1 Nxf1 15. Qxf1
Qe7 16. N1d2 Bg4 17. Ne4 f5 18. Nd6 Qe3+ 19. Kh1 Bxe2 20. Bd5+ Kh8 21. Qg2 f4
22. gxf4 Rxf4 23. Nf7+ Rxf7 24. Bxf7 Bf3 0-1

[Event "Titled Tue 1st Jul Late"]
[Site "chess.com INT"]
[Date "2025.07.01"]
[Round "6"]
[White "Silvestre, Christian"]
[Black "Vila Dupla, Aurelio"]
[Result "1-0"]
[BlackTitle "FM"]
[WhiteElo "1992"]
[BlackElo "2056"]
[WhiteFideId "30956269"]
[BlackFideId "2203383"]
[EventDate "2025.07.01"]

1. e4 c5 2. Nc3 d6 3. Bc4 Nc6 4. d3 a6 5. a3 b5 6. Ba2 h6 7. f4 Nd4 8. f5 Nf6 9.
Nf3 e6 10. fxe6 Bxe6 11. Nxd4 cxd4 12. Ne2 Bxa2 13. Rxa2 Qb6 14. O-O Be7 15. b3
Nxe4 16. dxe4 d3+ 17. Kh1 dxe2 18. Qxe2 O-O 19. Qg4 Qc5 20. Bxh6 Qd4 21. Bc1 Qf6 1-0

[Event "Titled Tue 1st Jul Late"]
[Site "chess.com INT"]
[Date "2025.07.01"]
[Round "6"]
[White "Mafra, Kaiser Luiz"]
[Black "Cuevas Araya, Walter"]
[Result "1-0"]
[WhiteTitle "CM"]
[BlackTitle "FM"]
[WhiteElo "2076"]
[BlackElo "2052"]
[WhiteFideId "2106698"]
[BlackFideId "3405028"]
[EventDate "2025.07.01"]

1. e4 d6 2. Bc4 e5 3. d4 exd4 4. c3 Nf6 5. Qe2 Be7 6. cxd4 O-O 7. e5 dxe5 8.
dxe5 Nfd7 9. e6 fxe6 10. Bxe6+ Kh8 11. Nf3 Nf6 12. Bxc8 Qxc8 13. Nc3 Bb4 14. O-O
Re8 15. Qc4 Nc6 16. Ng5 Bxc3 17. Nf7+ Kg8 18. Nh6+ Kh8 19. Qg8+ Rxg8 20. Nf7# 1-0

[Event "Titled Tue 1st Jul Late"]
[Site "chess.com INT"]
[Date "2025.07.01"]
[Round "6"]
[White "Deng, Henry"]
[Black "Albertini, Luca"]
[Result "1-0"]
[WhiteTitle "FM"]
[WhiteElo "2327"]
[BlackElo "2131"]
[WhiteFideId "30965454"]
[BlackFideId "847038"]
[EventDate "2025.07.01"]

1. e4 e5 2. Nf3 Nc6 3. d4 exd4 4. Bc4 Nf6 5. e5 d5 6. Bb5 Ne4 7. Nxd4 Bc5 8. Be3
O-O 9. Nxc6 bxc6 10. Bxc5 cxb5 11. Bxf8 Qxf8 12. Qxd5 Qb4+ 13. c3 c6 14. Qd8+
Qf8 15. Qxf8+ Kxf8 16. O-O c5 17. Na3 a6 18. Rad1 Ke7 19. Rfe1 Ng5 20. Nc2 Bb7
21. f3 a5 22. Kf2 b4 23. a3 Rc8 24. Ne3 Ne6 25. Nf5+ Kf8 26. Rd7 Bc6 27. Rxf7+
Kg8 28. Rxg7+ Nxg7 29. Ne7+ Kf7 30. Nxc8 Ke6 31. cxb4 cxb4 32. axb4 axb4 33. Nd6
Nh5 34. g3 Ng7 35. f4 1-0

[Event "Titled Tue 1st Jul Late"]
[Site "chess.com INT"]
[Date "2025.07.01"]
[Round "6"]
[White "Goltsev, Dmitry"]
[Black "Sabuk, Piotr"]
[Result "1-0"]
[WhiteTitle "FM"]
[BlackTitle "IM"]
[WhiteElo "2180"]
[BlackElo "2321"]
[WhiteFideId "24176710"]
[BlackFideId "1137565"]
[EventDate "2025.07.01"]

1. e4 e5 2. Nf3 Nc6 3. Bb5 a6 4. Ba4 Nf6 5. O-O Be7 6. Re1 b5 7. Bb3 d6 8. c3
O-O 9. h3 Re8 10. Ng5 Rf8 11. Nf3 Re8 12. d4 Bb7 13. Bxf7+ Kxf7 14. Qb3+ d5 15.
dxe5 Nxe4 16. Rxe4 Na5 17. Rf4+ Kg8 18. Qc2 c5 19. Nbd2 Nc6 20. Nf1 Qc7 21. Qf5
Bf8 22. e6 Bd6 23. Ng5 g6 24. Qf7+ Kh8 25. Rh4 1-0

[Event "Titled Tue 1st Jul Late"]
[Site "chess.com INT"]
[Date "2025.07.01"]
[Round "6"]
[White "Dubnevych, Maksym"]
[Black "Firouzja, Alireza"]
[Result "0-1"]
[WhiteTitle "FM"]
[BlackTitle "GM"]
[WhiteElo "2296"]
[BlackElo "2766"]
[WhiteFideId "14184001"]
[BlackFideId "12573981"]
[EventDate "2025.07.01"]

1. Nc3 d5 2. e4 d4 3. Nce2 e5 4. c3 c5 5. Ng3 Be6 6. Nf3 Nd7 7. Bb5 Bd6 8. d3 h6
9. O-O Ne7 10. Nxe5 Bxe5 11. f4 dxc3 12. fxe5 cxb2 13. Bxb2 O-O 14. Nf5 Ng6 15.
Bxd7 Qxd7 16. Qf3 Rad8 17. Nd6 f6 18. Qg3 Kh7 19. h4 fxe5 20. Rxf8 Rxf8 21. Bxe5
Rd8 22. Nf5 Bxf5 23. exf5 Qxf5 24. Bb2 Rxd3 25. Qc7 Rd7 26. Qb8 Nf4 27. Re1 Rd2 0-1

[Event "Titled Tue 1st Jul Late"]
[Site "chess.com INT"]
[Date "2025.07.01"]
[Round "6"]
[White "Araujo Filho, Luiz Antonio Coel"]
[Black "Mikhalsky, Vladimir"]
[Result "0-1"]
[WhiteElo "2077"]
[BlackElo "2219"]
[WhiteFideId "2130661"]
[BlackFideId "14144352"]
[EventDate "2025.07.01"]

1. d4 Nf6 2. Nf3 g6 3. c4 Bg7 4. Nc3 O-O 5. e4 d6 6. Be2 e5 7. dxe5 dxe5 8. O-O
Nbd7 9. Qc2 c6 10. Rd1 Qe7 11. Rb1 a5 12. a3 Nh5 13. b4 axb4 14. axb4 Nf4 15.
Bf1 Re8 16. Be3 Nf8 17. Bc5 Qf6 18. Ne2 Nh3+ 19. gxh3 Qxf3 20. Bg2 Qh5 21. Ng3
Qh4 22. b5 Bxh3 23. bxc6 bxc6 24. Rb6 Bxg2 25. Kxg2 Ne6 26. Be3 Nf4+ 27. Kf3
Qxh2 28. Bxf4 exf4 29. Kxf4 Be5+ 30. Kf3 Bxg3 31. fxg3 Qxc2 0-1

[Event "Titled Tue 1st Jul Late"]
[Site "chess.com INT"]
[Date "2025.07.01"]
[Round "6"]
[White "McDonald, Jhustice-Dimonte"]
[Black "Dambaev, Dashi"]
[Result "0-1"]
[WhiteTitle "CM"]
[BlackTitle "CM"]
[WhiteElo "2032"]
[BlackElo "2211"]
[WhiteFideId "7402481"]
[BlackFideId "55628494"]
[EventDate "2025.07.01"]

1. Nf3 d5 2. b3 c6 3. Bb2 Bg4 4. Ne5 Bf5 5. g4 Bc8 6. h3 f6 7. Nf3 e5 8. d3 Bd6
9. Nbd2 Ne7 10. Bg2 Nd7 11. e4 Nc5 12. O-O Ne6 13. d4 exd4 14. Nxd4 Nf4 15. Nf5
Nxf5 16. exf5 O-O 17. c4 Bc7 18. Qf3 Qd6 19. Rfe1 Bd7 20. Rad1 Rae8 21. cxd5
cxd5 22. Ne4 dxe4 23. Rxd6 exf3 24. Rxd7 Rxe1+ 0-1

[Event "Titled Tue 1st Jul Late"]
[Site "chess.com INT"]
[Date "2025.07.01"]
[Round "6"]
[White "Filippova, Margarita"]
[Black "Zeliantsova, Kseniya"]
[Result "1-0"]
[WhiteTitle "WFM"]
[BlackTitle "WFM"]
[WhiteElo "2026"]
[BlackElo "2062"]
[WhiteFideId "34199680"]
[BlackFideId "13512617"]
[EventDate "2025.07.01"]

1. e4 d6 2. d4 Nf6 3. Nc3 g6 4. f3 Bg7 5. Be3 O-O 6. Qd2 c6 7. h4 h5 8. a4 a6 9.
a5 Nbd7 10. Nh3 b5 11. axb6 Nxb6 12. O-O-O Rb8 13. Bh6 Be6 14. Bxg7 Kxg7 15. Ng5
Bc4 16. e5 Nfd5 17. Nxd5 cxd5 18. b3 Bxf1 19. Rhxf1 dxe5 20. dxe5 Qc7 21. Qd4
Rfc8 22. Rf2 a5 23. g4 a4 24. gxh5 axb3 25. h6+ Kxh6 26. Qf4 1-0

[Event "Titled Tue 1st Jul Late"]
[Site "chess.com INT"]
[Date "2025.07.01"]
[Round "6"]
[White "Cernov, Henrik"]
[Black "Guha, Eshan"]
[Result "1-0"]
[WhiteTitle "FM"]
[WhiteElo "2325"]
[BlackElo "2071"]
[WhiteFideId "16258312"]
[BlackFideId "30958628"]
[EventDate "2025.07.01"]

1. e4 c5 2. Nf3 d6 3. d4 cxd4 4. Nxd4 Nf6 5. Nc3 a6 6. Rg1 e5 7. Nb3 Be7 8. g4
h6 9. h4 Nh7 10. g5 hxg5 11. Nd5 g4 12. Be3 Nd7 13. Qxg4 Nhf6 14. Qxg7 Rg8 15.
Qxg8+ Nxg8 16. Rxg8+ Bf8 17. Bg5 f6 18. Bh6 Kf7 19. Rh8 f5 20. Bg5 Nf6 21. Bxf6
Qd7 22. Rh7+ 1-0

[Event "Titled Tue 1st Jul Late"]
[Site "chess.com INT"]
[Date "2025.07.01"]
[Round "6"]
[White "Angulo Perez, Sebastian"]
[Black "Siekanska, Zuzanna"]
[Result "1-0"]
[WhiteTitle "CM"]
[BlackTitle "WCM"]
[WhiteElo "2025"]
[BlackElo "1864"]
[WhiteFideId "6544045"]
[BlackFideId "21852537"]
[EventDate "2025.07.01"]

1. e4 e5 2. Nf3 Nc6 3. Bb5 a6 4. Ba4 Nf6 5. O-O b5 6. Bb3 Be7 7. d4 exd4 8. e5
Ne4 9. Bd5 Ng5 10. Nxd4 O-O 11. Nxc6 dxc6 12. Bxc6 Rb8 13. Be3 Ne6 14. Ba7 Bb7
15. Bxb8 Qxb8 16. Bxb7 Qxb7 17. Nc3 Rd8 18. Qg4 Rd4 19. Qe2 Rh4 20. Rad1 Nf4 21.
Qf3 Nh3+ 22. Kh1 Qxf3 23. gxf3 Ng5 24. Kg2 Ne6 25. Nd5 1-0

[Event "Titled Tue 1st Jul Late"]
[Site "chess.com INT"]
[Date "2025.07.01"]
[Round "6"]
[White "Manukyan, Artyom"]
[Black "Gustafsson, Jan"]
[Result "0-1"]
[WhiteTitle "CM"]
[BlackTitle "GM"]
[WhiteElo "2121"]
[BlackElo "2591"]
[WhiteFideId "13305786"]
[BlackFideId "4625498"]
[EventDate "2025.07.01"]

1. e4 e5 2. Nf3 Nc6 3. Bb5 a6 4. Bxc6 dxc6 5. O-O Bd6 6. d4 exd4 7. Qxd4 f6 8.
Be3 Be6 9. Nbd2 Ne7 10. Qc3 Ng6 11. Nc4 Bxc4 12. Qxc4 Qd7 13. a4 O-O-O 14. b4
Rhe8 15. Rfb1 Qe6 16. Qxe6+ Rxe6 17. Nd2 Bf4 18. Bxf4 Nxf4 19. Nf3 Rxe4 20. b5
cxb5 21. axb5 Ne2+ 22. Kf1 Nc3 23. bxa6 Nxb1 24. axb7+ Kxb7 25. Rxb1+ Kc6 26. g3
g5 27. h3 h5 28. c3 Rd3 29. Nd4+ Kd7 30. Ne2 c5 31. Ke1 Rxc3 32. Kd2 Rf3 0-1

[Event "Titled Tue 1st Jul Late"]
[Site "chess.com INT"]
[Date "2025.07.01"]
[Round "6"]
[White "Aalto, Patrik"]
[Black "Shukhman, Anna"]
[Result "0-1"]
[WhiteTitle "FM"]
[BlackTitle "WGM"]
[WhiteElo "2316"]
[BlackElo "2413"]
[WhiteFideId "510726"]
[BlackFideId "54180058"]
[EventDate "2025.07.01"]

1. c4 e5 2. g3 Nc6 3. Bg2 f5 4. Nc3 Nf6 5. d3 d6 6. Nf3 Be7 7. Rb1 a5 8. a3 O-O
9. b4 Qe8 10. O-O Qh5 11. e3 axb4 12. axb4 f4 13. b5 Nd8 14. exf4 Bg4 15. h3
Bxh3 16. Bxh3 Qxh3 17. Ng5 Qf5 18. Nge4 Ne6 19. fxe5 Ng4 20. Kg2 Nxe5 21. Nd5
Rae8 22. Ne3 Qg6 23. Qc2 Nf4+ 24. Kg1 Nf3+ 25. Kh1 Qh5# 0-1

[Event "Titled Tue 1st Jul Late"]
[Site "chess.com INT"]
[Date "2025.07.01"]
[Round "6"]
[White "Marcziter, Dmitrii"]
[Black "Sobek, Jaroslav"]
[Result "1-0"]
[WhiteTitle "FM"]
[BlackTitle "FM"]
[WhiteElo "2208"]
[BlackElo "2195"]
[WhiteFideId "13900765"]
[BlackFideId "301388"]
[EventDate "2025.07.01"]

1. d4 d5 2. c4 dxc4 3. e4 e5 4. Nf3 Bb4+ 5. Nc3 Nc6 6. d5 Bxc3+ 7. bxc3 Na5 8.
Ba3 f6 9. Nxe5 Ne7 10. Nxc4 Nxc4 11. Bxc4 Bd7 12. O-O Nc8 13. Qh5+ g6 14. Qh6
Nd6 15. Bd3 Qe7 16. Rfe1 O-O-O 17. c4 1-0

[Event "Titled Tue 1st Jul Late"]
[Site "chess.com INT"]
[Date "2025.07.01"]
[Round "6"]
[White "Omariev, Maksim"]
[Black "Szpar, Milosz"]
[Result "0-1"]
[WhiteTitle "FM"]
[BlackTitle "IM"]
[WhiteElo "2304"]
[BlackElo "2495"]
[WhiteFideId "4193423"]
[BlackFideId "1184989"]
[EventDate "2025.07.01"]

1. b3 e5 2. Bb2 Nc6 3. c4 Nf6 4. Nc3 d5 5. cxd5 Nxd5 6. g3 Be7 7. Bg2 Nb6 8. Nf3
O-O 9. O-O Be6 10. Rc1 Qd7 11. Ne4 f6 12. Re1 Rad8 13. d3 Bh3 14. Bh1 Kh8 15.
Nc5 Bxc5 16. Rxc5 e4 17. Nh4 exd3 18. exd3 Qxd3 19. Qh5 Nd4 20. Be4 Ne2+ 21.
Qxe2 Qxe2 22. Rxe2 Rd1+ 23. Re1 Rxe1# 0-1

[Event "Titled Tue 1st Jul Late"]
[Site "chess.com INT"]
[Date "2025.07.01"]
[Round "6"]
[White "Munoz, Miguel"]
[Black "Chakrabarti, Brejesh"]
[Result "1-0"]
[WhiteTitle "GM"]
[BlackTitle "FM"]
[WhiteElo "2321"]
[BlackElo "2282"]
[WhiteFideId "3800229"]
[BlackFideId "30969280"]
[EventDate "2025.07.01"]

1. e4 c5 2. g3 g6 3. Bg2 Bg7 4. Ne2 Nc6 5. c3 d6 6. d4 cxd4 7. cxd4 Qb6 8. Nbc3
Nf6 9. h3 O-O 10. Be3 Qxb2 11. a3 Nb8 12. O-O Qb6 13. e5 Nfd7 14. f4 Qd8 15. Qb3
Nc6 16. a4 Na5 17. Qb4 Nc6 18. Qb3 Na5 19. Qd5 e6 20. Qa2 d5 21. g4 Nc4 22. Bf2
Kh8 23. f5 gxf5 24. gxf5 exf5 25. Nxd5 1-0

[Event "Titled Tue 1st Jul Late"]
[Site "chess.com INT"]
[Date "2025.07.01"]
[Round "6"]
[White "Zierk, Steven"]
[Black "Deichmann, Esteban Horacio"]
[Result "1-0"]
[WhiteTitle "GM"]
[WhiteElo "2489"]
[BlackElo "2103"]
[WhiteFideId "2034255"]
[BlackFideId "167410"]
[EventDate "2025.07.01"]

1. e4 e6 2. d4 d5 3. Nc3 Nf6 4. e5 Nfd7 5. f4 c5 6. Nf3 Nc6 7. Be3 a6 8. a3 b5
9. dxc5 Bxc5 10. Bxc5 Nxc5 11. b4 Nd7 12. Bd3 Qb6 13. Qd2 Bb7 14. h4 Rc8 15. h5
Nd4 16. Rh3 Nxf3+ 17. Rxf3 d4 18. Ne4 Bxe4 19. Bxe4 Rc3 20. Rxc3 dxc3 21. Qxc3
Qg1+ 22. Ke2 Qb6 23. Rd1 Ke7 24. Rd6 Qa7 25. Rc6 Rd8 26. Rc7 Qg1 27. Bc6 Kf8 28.
Qd3 Qc1 29. Rxd7 Rxd7 30. Bxd7 Qxf4 31. Qd6+ 1-0